On This Day: November 1st II Quiz Stats

 Plays Quiz Updated Nov 1, 2018

Score 0/7 Timer 03:00
0 Plays Today
Question Answer Wrong Answers
This James Cameron film, starring Leonardo DiCaprio and Kate Winslet, premieres at the Tokyo International Film Festival.
1997
Titanic
94.7%
Sense and Sensibility
0.3%
Romeo + Juliet
2.5%
Hamlet
0.6%
The last sultan of the ______, Mehmed VI, abdicates.
1922
Ottoman Empire
85.2%
Kingdom of Hejaz
2%
Emirate of Riyadh
5%
Ethiopian Empire
7.7%
Anti-Sikh riots erupt throughout India following the assassination of this Prime Minister. Thousands of Sikhs are killed in retaliatory violence.
1984
Indira Gandhi
76.1%
Jawaharlal Nehru
16.4%
Narendra Modi
3.8%
Lal Bahadur Shastri
2.6%
The Maastricht Treaty takes effect, formally establishing the ______ and its pillar structure, which would stay in place until the 2009 Lisbon Treaty.
1993
European Union
54.5%
World Trade Organization
21.3%
International Monetary Fund
16.4%
United Nations
6.1%
This man becomes the first US President to live in the Executive Mansion (later renamed the White House).
1800
John Adams
50.9%
George Washington
6.1%
Thomas Jefferson
19.1%
James Madison
23.8%
This South African golfer and golf course architect, winner of nine major championships, is born.
1935
Gary Player
50.5%
Ernie Els
21.9%
Ben Hogan
9.6%
Arnold Palmer
17.5%
Featuring the largest radio telescope ever constructed, the Arecibo Observatory in ______ officially opens.
1963
Puerto Rico
49.2%
Guam
29.7%
Aruba
10.6%
Barbados
9.7%

You're not logged in!

Compare scores with friends on all Sporcle quizzes.
OR
Log In

Sporcle TV

Today on Sporcle TV


Watch our educational content, quiz creation guides, and fun videos on Sporcle TV.

Show Comments

Extras

Top Quizzes Today


Score Distribution

Your Account Isn't Verified!

In order to create a playlist on Sporcle, you need to verify the email address you used during registration. Go to your Sporcle Settings to finish the process.

Report this User

Report this user for behavior that violates our Community Guidelines.

Details: